1 Bienal de arte en escultura urbana. Concepción 1994-1996
محفوظ في:
| مؤلف مشترك: | |
|---|---|
| التنسيق: | كتاب |
| اللغة: | الإسبانية |
| منشور في: |
Concepción
Editora Anibal Pinto
1997
|
| الموضوعات: | |
| الوسوم: |
إضافة وسم
لا توجد وسوم, كن أول من يضع وسما على هذه التسجيلة!
|
MARC
| LEADER | 00000nam a2200000 a 4500 | ||
|---|---|---|---|
| 001 | UCI2098 | ||
| 003 | CL-VaPUC | ||
| 005 | 20241018113456.0 | ||
| 008 | 070803e19970000CL |||||||||||||||||spa|d | ||
| 999 | |c 326745 |d 326743 | ||
| 040 | |c Pontificia Universidad Católica de Valparaíso | ||
| 082 | 0 | 4 | |a 730.983 UNI 1997 |2 21 |
| 110 | 2 | |a Universidad del Bio Bio |9 522966 | |
| 245 | 1 | 0 | |a 1 Bienal de arte en escultura urbana. Concepción 1994-1996 |
| 260 | |a Concepción |b Editora Anibal Pinto |c 1997 | ||
| 300 | |a 32 páginas | ||
| 583 | |a last modification |c 20070803 00:00:00 |k Rodrigo Vera | ||
| 650 | 0 | |a Escultura |9 265737 | |
| 650 | 0 | |a Exposiciones |9 265884 | |
| 650 | 7 | |a EXPOSICIONES CULTURALES |2 CL-VaPUC |9 522967 | |
| 650 | 7 | |a MANIFESTACIONES CULTURALES |2 CL-VaPUC |9 522968 | |
| 650 | 0 | |a Museos de arte |9 265235 | |
| 651 | 0 | |a Concepción |z CHILE |9 254982 | |
| 942 | |c BK |2 ddc | ||
| 945 | |d 20070803 00:00:00 |a rbrito | ||
| 952 | |0 0 |1 0 |2 ddc |4 0 |6 730_983000000000000_UNI_1997 |7 0 |8 A |9 408861 |a BIBARQ |b BIBARQ |d 2019-11-22 |i 4361490 |o 730.983 UNI 1997 |p 4361490 |r 2025-01-20 |t 1 |w 2019-11-22 |y BK |k ARQ | ||